| 000 | 01075nam0a22002651 4500 | ||
|---|---|---|---|
| 001 | rc\4112405 | ||
| 005 | 20260407114321.0 | ||
| 021 |
_aRU _b[57-20715] |
||
| 035 | _a(NLR Aleph) 008146644 | ||
| 090 |
_a9518977 _c9518977 |
||
| 100 | _a20130415d1956 |||y0rusy50 ca | ||
| 101 | 0 | _arus | |
| 102 | _aRU | ||
| 105 | _ac z ||||| | ||
| 200 | 1 |
_aПрофгруппа - большая сила _e[Сборник материалов] _fНовосиб. обл. совет профсоюзов |
|
| 210 |
_aНовосибирск _cКн. изд-во _d1956 |
||
| 215 |
_a24 с. _cпортр. _d20 |
||
| 225 | 1 | _a[Из опыта профсоюзной работы на предприятиях и стройках Новосибирска] | |
| 606 |
_aПрофсоюзная работа _yНовосибирская область _2psbo |
||
| 712 | 0 | 2 |
_aНовосибирский областной совет профсоюзов _9634271 _3RU\NLR\AUTH\8810066326 |
| 801 | 0 |
_aRU _bNLR _gpsbo |
|
| 801 | 1 |
_aRU _bELAR _2rusmarc |
|
| 852 |
_aNLR _j57-4/5333 |
||
| 942 | _cBOOK | ||
| 980 | _aNB | ||